000 00633nam a22002177a 4500
003 UA-OsUOA
001 77431
007 ta
008 20110913b un ||||| |||| 00| 0 ukr d
100 _aНинсевич Ю.А.
090 _a32
_bН67
942 _cSA
040 _aUA-OsUOA
_bukr
_cUA-OsUOA
_dUA-OsUOA
245 _aТрансформации института государства в условиях постиндустриального транзита
300 _aС.175-186
955 _a0
041 _aukr
080 _a32
773 0 _w77430
_tПолития
_dМ.
_d2011
_g2
650 7 _a32 Політика
_2UDC
999 _c363735
_d363735